000
00302nam a22001097a 4500
008
230704b xxu||||| |||| 00| 0 eng d
082
_a
354.6
_b
HYD 1970
245
_a
Development Administration
_b
The Kenyan Experience
260
_b
Oxford University Press
_c
1970
300
_a
XVIII,366p
942
_2
ddc
_c
BK
999
_c
3741
_d
3741